01435nam a22002897a 45000010005000000030006000050050017000110080041000280200018000690400029000870500017001160820008001331000044001412450085001852500041002702600030003113000023003415050007003645200527003715210018008985210018009166500021009346500021009559420015009769990015009919520139010067204FISKH20250702135138.0250702b cb ||||| |||| 00| 0 eng d a9780679850908 aFISKHbengcFISKHdFISKH aPZ7.D85445 L a511 aBurnett, Hodgson Francesd(1849–1924) aA little princess /cBy Frances Hodgson Burnett / Adapted by Cathy East Dubowski aThis edition first published in 1994 aLondon :bBullseye,c1994 a107 pages :c20 cm aG  aClassic Literature. Juvenile Fiction. Juvenile Literature. HTML:Sara Crewe is a student at Miss Minchin's fancy boarding school. She has the very best of everything. But when her rich father dies, she's left without a penny. Now Sara lives in the school's cold attic and works for crusts of bread. With some help from a secret friend and a touch of magic, Sara's world is about to change in ways she never dreamed. An adaptation of the classic novel that's just right for young readers! From the Trade Paperback edition. 8 a320 bLexile 8 aG bRaz-Plus  2FamilyaChildren 2ClassicsaOrphan 2ddccBKn0 c7204d7204 00102ddc40708JUVFa002b002cTTP Dark Greend2025-07-02l0oBUR 511 PZ7.D85445 LpFIS00116r2025-07-02 13:51:36t1w2025-07-02yBK